000 01329nam0a2200325 4500
001 RU\NLR\bibl\834603
005 20260406145620.0
010 _a5-09-014401-X
_930000
021 _aRU
_b2005-41590
_92062
035 _a(NLR Aleph) 000823453
090 _a1315752
_c1315752
100 _a20050829d2005 |||y0rusy50 ca
101 0 _arus
102 _aRU
105 _aa |||||||||
200 1 _aИнформатика
_eучебник для 10-11 классов общеобразовательных учреждений
_fА.Г. Гейн, А.И. Сенокосов, Н.А. Юнерман
205 _a6-е изд.
210 _aМосква
_cПросвещение
_d2005
215 _a255 с.
_cил.
_d22
320 _aПредм. указ.: с. 249-252
606 1 _aИнформатика
_jУчебные издания для средней школы
_92081274
_3RU\NLR\auth\661257251
686 _aЗ973.233я721-1
700 1 _4070
_7ca
_8rus
_aГейн
_bА. Г.
_f1950-
_gАлександр Георгиевич
_9114709
_3RU\NLR\AUTH\774732
701 1 _aСенокосов
_bА. И.
_gАлександр Иванович
_4070
701 1 _aЮнерман
_bН. А.
_gНина Ароновна
_4070
801 0 _aRU
_bNLR
_c20050829
_grcr
801 1 _aRU
_bNLR
_c20050829
942 _cBOOK
980 _aNB